2018 World Cup Winners - France - Statistics

General Stats
  • This quiz has been taken 182 times
  • The average score is 15 of 23
Answer Stats
# Position Answer % Correct
1 GK Hugo Lloris
98%
10 FW Kylian Mbappé
97%
7 FW Antoine Griezmann
95%
9 FW Olivier Giroud
91%
6 MF Paul Pogba
91%
2 DF Benjamin Pavard
90%
4 DF Raphaël Varane
87%
13 MF N'Golo Kanté
86%
5 DF Samuel Umtiti
80%
11 FW Ousmane Dembélé
74%
21 DF Lucas Hernandez
70%
14 MF Blaise Matuidi
68%
16 GK Steve Mandanda
59%
3 DF Presnel Kimpembe
57%
22 DF Benjamin Mendy
54%
23 GK Alphonse Areola
53%
18 FW Nabil Fekir
44%
12 MF Corentin Tolisso
41%
15 MF Steven Nzonzi
39%
17 DF Adil Rami
38%
19 DF Djibril Sidibé
35%
20 FW Florian Thauvin
34%
8 FW Thomas Lemar
32%
No matching quizzes found
Score Distribution
Percent of People with Each Score
Percentile by Number Answered
Your Score History
You have not taken this quiz